El poeta Verdaguer / (Record no. 76181)

MARC details
000 -LEADER
campo de control de longitud fija 00554nam a2200181 i 4500
001 - NÚMERO DE CONTROL
campo de control 76181
003 - IDENTIFICADOR DE NÚMERO DE CONTROL
campo de control ES-MaACL
005 - FECHA Y HORA DE LA ÚLTIMA TRANSACCIÓN
campo de control 20251008063050.0
007 - CAMPO FIJO DE DESCRIPCIÓN FÍSICA--INFORMACIÓN GENERAL
campo de control de longitud fija t|
008 - DATOS DE LONGITUD FIJA--INFORMACIÓN GENERAL
campo de control de longitud fija 040929q1945 sp ||||1| spa d
100 0# - ENTRADA PRINCIPAL--NOMBRE DE PERSONA
Nombre de persona Comillas, Juan Antonio Güell y López,
Títulos y otros términos asociados al nombre Marqués de
9 (RLIN) 40006
245 13 - MENCIÓN DEL TÍTULO
Título El poeta Verdaguer /
Mención de responsabilidad, etc. por el Conde de Güell, Marqués de Comillas.
260 ## - PUBLICACIÓN, DISTRIBUCIÓN, ETC.
Lugar de publicación, distribución, etc. [S.l. :
Nombre del editor, distribuidor, etc. s.n.,
Fecha de publicación, distribución, etc. 1945?]
300 ## - DESCRIPCIÓN FÍSICA
Extensión 94 p. ;
Dimensiones 24 cm.
600 14 - PUNTO DE ACCESO ADICIONAL DE MATERIA--NOMBRE DE PERSONA
Nombre de persona Verdaguer, Jacint,
Fechas asociadas al nombre 1845-1902
9 (RLIN) 113998
852 ## - LOCALIZACIÓN
Ubicación ES-MaACL
Número de control de estantería F-7615
Holdings
Estatus retirado Estado de pérdida Estado de daño No para préstamo Biblioteca de origen Biblioteca actual Ubicación en estantería Fecha de adquisición Fuente de adquisición Total de préstamos Signatura topográfica completa Código de barras Visto por última vez Precio de reemplazo Tipo de ítem Koha
        Biblioteca del Ateneo de Madrid Biblioteca del Ateneo de Madrid Sala Pecera Planta 2 17/01/2008     F-7615 1079727 23/02/2023 23/02/2023 Libro impreso